000 01006nam a2200277 i 4500
001 8258
003 KOSZ 005
005 20210528104042.0
008 170701s1966 pl a f 000 0 pol
040 _aWA N
_cKOSZ 005/RW
_dKOSZ 005/RW
_dKOSZ 005/HR
041 0 _apol
_beng
_bfre
_brus
046 _k1966
080 _a331.101.1
245 0 0 _aAnaliza uciążliwości pracy :
_bpraca zbiorowa /
_cpod red. Arwida Hansena.
260 _aWarszawa :
_bWydawnictwo Związkowe Centralnej Rady Związków Zawodowych,
_c1966.
300 _a209, [3] s. :
_bil. ;
_c23 cm.
380 _aKsiążki
388 _a1901-
504 _aBibliogr. przy rozdz.
546 _aStreszcz. ros., franc., ang.
650 4 _aErgonomia
700 1 _aHansen, Arwid
_d(1917-2002).
_eRedakcja
710 2 _aWydawnictwo Związkowe Centralnej Rady Związków Zawodowych
_4pbl.
856 _uhttp://koha.tu.koszalin.pl/cgi-bin/koha/opac-detail.pl?biblionumber=8258
_yKatalog online BPK
942 _cKS
_2UKD
999 _c8258
_d8258